000 01126cam a22002054a 4500
005 20250605164124.0
008 250528s ||||||||||||||||||||||||d
035 _a18407
020 _a9602320133
040 _aGR-AtMCL
_bgre
_dGR-AtMCL
_eAACR2
245 1 _aΣυνταγματικό Δίκαιο / Οργάνωση και Λειτουργία της Πολιτείας.
_nΤόμος Β'
250 _a
260 _bΑντ. Ν. Σάκκουλα,
_c1993
300 _a624
520 _aΠρόλογος, Συντομογραφίες, Θεματική και Δομή και Βιβλιογραφία, Οι Θεμελιώδεις Αρχές του Συστήματος, Τα Όργανα του Κράτους και οι Λειτουργίες τους, Τα Συνταγματικά Πλαίσια της Δημόσιας Διοίκησης, Τα Συνταγματικά Πλαίσια της Δικαστικής Λειτουργίας, Εκκλησία και Πολιτεία, Ευρετήριο.
700 1 _aΤσάτσος Δημήτρης Θ
_94680
942 _cBK
999 _c3768
_d3768